El arresto domiciliario en personas mayores de edad : (Registro nro. 6081)
[ vista simple ]
| 000 -LEADER | |
|---|---|
| fixed length control field | 01185nab a22002417a 4500 |
| 003 - CONTROL NUMBER IDENTIFIER | |
| control field | OSt |
| 005 - DATE AND TIME OF LATEST TRANSACTION | |
| control field | 20260121185830.0 |
| 008 - FIXED-LENGTH DATA ELEMENTS--GENERAL INFORMATION | |
| fixed length control field | 190502c xxu||||| |||| 00| 0 spa d |
| 040 ## - CATALOGING SOURCE | |
| Transcribing agency | PJ |
| 100 ## - MAIN ENTRY--PERSONAL NAME | |
| 9 (RLIN) | 4831 |
| Personal name | Sandhagen, Alberto |
| 245 13 - TITLE STATEMENT | |
| Title | El arresto domiciliario en personas mayores de edad : |
| Remainder of title | un comentario al fallo “Alfonso ” de la Corte Suprema / |
| Statement of responsibility, etc | Alberto Sandhagen. |
| 260 ## - PUBLICATION, DISTRIBUTION, ETC. (IMPRINT) | |
| Place of publication, distribution, etc | Ciudad Autónoma de Buenos Aires : |
| Name of publisher, distributor, etc | Thomson Reuters La Ley, |
| Date of publication, distribution, etc | 2024. |
| 300 ## - PHYSICAL DESCRIPTION | |
| Extent | p. 19-32 |
| 505 ## - FORMATTED CONTENTS NOTE | |
| Formatted contents note | Sumario: I. Objetivo.— II. Antecedentes de la causa.— III. Reflexiones críticas sobre la resolución del caso.— IV. Consideraciones finales.<br/><br/> |
| 505 ## - FORMATTED CONTENTS NOTE | |
| Formatted contents note | Fallo comentado: CS, 29/02/2024. - Alfonso, Eduardo s/ incidente de recurso extraordinario. |
| 505 ## - FORMATTED CONTENTS NOTE | |
| Title | ¿Te interesa el texto completo? Solicitalo al correo: koha@justierradelfuego.gov.ar |
| 650 #0 - SUBJECT ADDED ENTRY--TOPICAL TERM | |
| 9 (RLIN) | 343 |
| Topical term or geographic name as entry element | DERECHO PENAL |
| 650 #0 - SUBJECT ADDED ENTRY--TOPICAL TERM | |
| 9 (RLIN) | 4065 |
| Topical term or geographic name as entry element | PRISION DOMICILIARIA |
| 650 #0 - SUBJECT ADDED ENTRY--TOPICAL TERM | |
| 9 (RLIN) | 6334 |
| Topical term or geographic name as entry element | CRÍMENES DE LESA HUMANIDAD |
| 650 #0 - SUBJECT ADDED ENTRY--TOPICAL TERM | |
| 9 (RLIN) | 699 |
| Topical term or geographic name as entry element | FALLOS DE LA CORTE SUPREMA |
| 773 0# - HOST ITEM ENTRY | |
| Host Biblionumber | 2729 |
| Host Itemnumber | 3180 |
| Place, publisher, and date of publication | Buenos Aires : LexisNexis, 2006- |
| Title | Revista de derecho penal y procesal penal. Nº 6 - Junio 2024 |
| International Standard Book Number | 9875920622 |
| 942 ## - ADDED ENTRY ELEMENTS (KOHA) | |
| Source of classification or shelving scheme | |
| Koha item type | Analítica Artículo de Revista |
No hay ítems disponibles.
